00000000nas##2200000za#4500
0019.515419
003CaOODSP
00520210615082952
007ta
008150406c2006||||xxc|| p #||||f|   |0eng|d
040 |aCaOODSP|beng
043 |an-cn---
0861 |aNH12-48E
1101 |aCanada. |bCanada Mortgage and Housing Corporation. |bMarket Analysis Centre.
24510|aHousing now - Montréal
260 |aOttawa - Ontario : |bCanada Mortgage and Housing Corporation.
310 |aMonthly
500 |aTitle from caption.
5203 |aThe monthly Housing Now report for Montréal provides insightful analysis of local housing markets and a summary of housing statistics, including starts, completions, dwellings under construction, absorptions, real estate sales and home prices, as well as key economic indicators. This publication is ideally suited for lending institutions, real estate professionals, builders, homeowners, mortgage brokers, insurance agencies, property managers and public administrators.
563 |aProcessed
69007|aHousing|2gcpds
69007|aMortgage loans|2gcpds
69007|aPrices|2gcpds
69007|aDemography|2gcpds
77508|tActualités habitation - Montréal |w(CaOODSP)9.513743
7760#|tHousing now. |w(CaOODSP)9.504540